Manual d'autoprotecció : Recinte Escola Industrial : Edifici del Rellotge Recinte Escola Industrial : Edifici del Rellotge
Publicado:
Barcelona :
Diputació. Àrea d'Infraestructures, Urbanisme i Habitatge. Servei de Projectes, Obres i Manteniment ,
2005
Descripción Física:
1 carpeta, 1 tríptic, plànol d'evacuació ; 31 cm + dossier 28 pàgines
Idioma:
Catalán
MARC
| LEADER | 00000nam a2200000uc 4500 | ||
|---|---|---|---|
| 001 | 26014349 | ||
| 008 | s2005||||sp ||||gr|||| ||| ||cat|d | ||
| 040 | |a BGR |b cat | ||
| 245 | 0 | 0 | |a Manual d'autoprotecció : |b Recinte Escola Industrial : Edifici del Rellotge |
| 260 | |a Barcelona : |b Diputació. Àrea d'Infraestructures, Urbanisme i Habitatge. Servei de Projectes, Obres i Manteniment, |c 2005 | ||
| 300 | |a 1 carpeta, 1 tríptic, plànol d'evacuació ; |c 31 cm + |e dossier 28 pàgines | ||
| 500 | |a A la coberta: Pla d'emergència. | ||
| 610 | 0 | |9 53646 |a Edifici del Rellotge (Barcelona) |x Mesures de seguretat | |
| 650 | 1 | 0 | |a Edificis |9 8549 |x Evacuació |
| 710 | |a Barcelona (Catalunya : Província). |b Àrea d'Infraestructures, Urbanisme i Habitatge |9 13533 | ||
| 942 | |c ARXIU |2 udc |n 1 | ||
| 952 | |0 0 |1 0 |4 0 |7 1 |9 62565 |a Arxiu |b Arxiu |d 2022-06-29 |o Bib-724 |p 26084 |r 2022-06-29 00:00:00 |w 2022-06-29 |y ARXIU |z Donatiu BGR | ||
| 999 | |c 20326 |d 20326 | ||